000 00832cam a2200265 a 4500
001 2070663
005 20240201044820.0
008 941025s1995 enka b 001 0 eng
020 _a0415911060 (cl. : acidfree paper)
020 _a0415911079 (pbk. : acidfree paper)
040 _aDLC
_cDLC
_dDLC
082 0 0 _a392/.14
_220
245 0 0 _aGender rituals :
_bfemale initiation in Melanesia /
_cedited by Nancy C. Lutkehaus and Paul B. Roscoe.
260 _aNew York :
_bRoutledge,
_c1995.
300 _axix, 265 p. :
650 0 _aInitiation rites
650 0 _aPuberty rites
650 0 _aFemale genital mutilation
650 0 _aWomen
650 0 _aWomen
700 1 _aLutkehaus, Nancy.
_eedt
700 1 _aRoscoe, Paul Bernard,
_eedt
856 4 2 _uhttp://www.loc.gov/catdir/enhancements/fy0651/94039869-d.html
942 _cL
999 _c259
_d259